01359nam a22001817a 4500003001000000005001700010008004100027040001400068041001300082100001900095245004700114260002900161300001200190500006800202520086900270650002001139654001801159IT-MiCISF20230316104053.0230123b |||||||| |||| 00| 0 eng d cIT-MiCISF aitaliano aColetti Gianna aMamma a carico.bMia figlia ha novant'anni aTorino,bEinaudi, c2015 app. 142 agenitorialità. rapporti-madre-figli, figli-adulti, esperienze aGianna è una figlia con una madre molto ingombrante di cui occuparsi: una cocciuta signora di novant'anni con una testa di capelli bianchi sparati e un paio di occhiali 3D che non si toglie mai - perché anche se non vede è abituata ad avere qualcosa sul naso. Gianna però dovrebbe e vorrebbe avere una vita sua. Questa è la storia della loro particolare relazione; ed è anche la storia di un fenomeno generazionale che coinvolge sempre più donne alle prese con genitori anziani, malati, non più autosufficienti. Accudire chi prima si è fatto carico delle nostre esigenze e ci ha aiutato a diventare adulti è una lotta impari contro il tempo. Una lotta che Gianna Coletti racconta con ironia e coraggio. Mostrando i tanti momenti di angoscia, frustrazione e smarrimento, ma regalandoci anche luminosi sprazzi di felicità, risate e tenerezza.  agenitorialità atestimonianza